[Event "Titled Tuesday intern op 07th Jan Early"]
[Site "Chess.com INT"]
[Date "2025.01.07"]
[Round "2"]
[White "Kleibel, Uwe"]
[Black "Aggelis, Nikolaos"]
[Result "0-1"]
[WhiteElo "2301"]
[BlackElo "2289"]
[PlyCount "82"]
[EventDate "2025.01.07"]
[EventType "swiss (blitz)"]
[EventRounds "11"]
[EventCountry "USA"]
[SourceTitle "CB03_2025"]
[SourceDate "2025.01.15"]
[SourceVersion "1"]
[SourceVersionDate "2025.01.15"]
[SourceQuality "1"]

1. e4 c6 2. Nc3 d5 3. Nf3 Bg4 4. h3 Bxf3 5. Qxf3 e6 6. Be2 Nf6 7. 0-0 Be7 8. Rd1 dxe4 9. Nxe4 0-0 10. d4 Nbd7 11. a4 Nxe4 12. Qxe4 Nf6 13. Qd3 a5 14. c3 h6 15. Bf4 Qb6 16. Qc2 Rfd8 17. Rd2 Rac8 18. Rad1 Nd5 19. Bg3 Bg5 20. Rd3 Bf4 21. Bh4 Bg5 22. Bxg5 hxg5 23. g3 Qc7 24. Kg2 Qe7 25. Bf3 Qf6 26. Qe2 Re8 27. Re1 g6 28. Qe5 Qxe5 29. Rxe5 f6 30. Re1 Kf7 31. Rd2 Nc7 32. Rde2 Rcd8 33. Be4 Rd6 34. Rh1 Rh8 35. Ree1 f5 36. Bf3 Kf6 37. Re2 Rd7 38. Re5 Nd5 39. c4 Nb4 40. Rhe1 Rd6 41. Rxa5 Nc2 0-1

[Event "Titled Tuesday intern op 07th Jan Early"]
[Site "Chess.com INT"]
[Date "2025.01.07"]
[Round "10"]
[White "Kleibel, Uwe"]
[Black "Fawaz, Nadia"]
[Result "1/2-1/2"]
[WhiteElo "2301"]
[BlackElo "1763"]
[PlyCount "138"]
[EventDate "2025.01.07"]
[EventType "swiss (blitz)"]
[EventRounds "11"]
[EventCountry "USA"]
[SourceTitle "CB03_2025"]
[SourceDate "2025.01.15"]
[SourceVersion "1"]
[SourceVersionDate "2025.01.15"]
[SourceQuality "1"]

1. e4 c5 2. Nf3 e6 3. g3 d5 4. exd5 exd5 5. d4 Nf6 6. Bg2 Bg4 7. 0-0 Nc6 8. Qe1+ Qe7 9. dxc5 0-0-0 10. Be3 d4 11. Bf4 Qxe1 12. Rxe1 Bxc5 13. Nbd2 Bd6 14. Bxd6 Rxd6 15. Ne5 Nxe5 16. Rxe5 Re8 17. Rae1 Rde6 18. Rxe6 Rxe6 19. Rxe6 Bxe6 20. Nb3 Bxb3 21. axb3 Kc7 22. Kf1 b6 23. Ke2 Kd6 24. Kd3 Kc5 25. h3 a5 26. f4 b5 27. Bf3 a4 28. bxa4 bxa4 29. g4 h6 30. h4 Nd7 31. g5 hxg5 32. hxg5 f6 33. Bg4 Nf8 34. gxf6 gxf6 35. Bf5 Kd5 36. Ke2 Kc4 37. Kd2 Kc5 38. Kc1 Kc4 39. Kb1 Kc5 40. Ka2 Kb4 41. Ka1 Kb5 42. Kb1 Ka5 43. Kc1 Kb4 44. Kd2 Kc4 45. Ke2 Kd5 46. Kf3 Kc4 47. Kg4 Kd5 48. Kh5 Ne6 49. Bxe6+ Kxe6 50. Kg6 f5 51. Kg5 d3 52. cxd3 Kd5 53. Kxf5 Kd4 54. Ke6 Kxd3 55. f5 Kc2 56. f6 Kxb2 57. f7 a3 58. f8Q a2 59. Qf6+ Kb1 60. Qf1+ Kb2 61. Qe2+ Kb1 62. Qd1+ Kb2 63. Qd2+ Kb1 64. Qb4+ Kc1 65. Qa3+ Kb1 66. Qb3+ Ka1 67. Qc3+ Kb1 68. Kd5 a1Q 69. Qxa1+ Kxa1 1/2-1/2

[Event "Titled Tuesday intern op 07th Jan Early"]
[Site "Chess.com INT"]
[Date "2025.01.07"]
[Round "4"]
[White "Kleibel, Uwe"]
[Black "Rodchenkov, Sergey D"]
[Result "1-0"]
[WhiteElo "2301"]
[BlackElo "2346"]
[PlyCount "45"]
[EventDate "2025.01.07"]
[EventType "swiss (blitz)"]
[EventRounds "11"]
[EventCountry "USA"]
[SourceTitle "CB03_2025"]
[SourceDate "2025.01.15"]
[SourceVersion "1"]
[SourceVersionDate "2025.01.15"]
[SourceQuality "1"]

1. e4 c5 2. Nf3 d6 3. Bb5+ Nd7 4. 0-0 a6 5. Bxd7+ Bxd7 6. Re1 e5 7. c3 Bg4 8. h3 Bh5 9. d3 Be7 10. Nbd2 g5 11. Qb3 g4 12. hxg4 Bxg4 13. Qxb7 Nf6 14. Qb3 Be6 15. Qc2 Rg8 16. Nf1 Nh5 17. d4 Bh3 18. Ng3 Nxg3 19. fxg3 Rxg3 20. Re2 Bg4 21. Rf2 Qd7 22. dxe5 0-0-0 23. Bf4 1-0

[Event "Titled Tuesday intern op 24th Sep Early"]
[Site "Chess.com INT"]
[Date "2024.09.24"]
[Round "4"]
[White "Vinolas Anglada, Laura"]
[Black "Kleibel, Uwe"]
[Result "1-0"]
[WhiteElo "2009"]
[BlackElo "2301"]
[PlyCount "39"]
[EventDate "2024.09.24"]
[EventType "swiss (blitz)"]
[EventRounds "11"]
[EventCountry "USA"]
[SourceTitle "EXT 2025"]
[Source "ChessBase"]
[SourceDate "2024.10.14"]
[SourceVersion "1"]
[SourceVersionDate "2024.10.14"]
[SourceQuality "1"]

1. e4 c6 2. d4 d5 3. e5 c5 4. Nf3 cxd4 5. Qxd4 Nc6 6. Qf4 g6 7. Nc3 d4 8. Bc4 Nh6 9. Ne4 Bf5 10. h3 Bg7 11. g4 Bxe4 12. Qxe4 0-0 13. Bg5 Qa5+ 14. Bd2 Qc5 15. Bb3 Rac8 16. h4 Rfd8 17. h5 Nxg4 18. hxg6 Ncxe5 19. gxf7+ Kh8 20. Qxh7# 1-0

[Event "Titled Tuesday intern op 17th Sep Early"]
[Site "Chess,com INT"]
[Date "2024.09.17"]
[Round "6"]
[White "Kleibel, Uwe"]
[Black "Jaivardhan, Raj"]
[Result "1-0"]
[WhiteElo "2301"]
[BlackElo "1981"]
[PlyCount "115"]
[EventDate "2024.09.17"]
[EventType "swiss (blitz)"]
[EventRounds "11"]
[EventCountry "USA"]
[SourceTitle "EXT 2025"]
[Source "ChessBase"]
[SourceDate "2024.10.14"]
[SourceVersion "1"]
[SourceVersionDate "2024.10.14"]
[SourceQuality "1"]

1. e4 c5 2. Nf3 e6 3. g3 Nc6 4. Bg2 Qc7 5. 0-0 Nf6 6. Qe2 d6 7. Rd1 Be7 8. c3 0-0 9. d4 cxd4 10. cxd4 e5 11. Nc3 Bg4 12. Be3 Nd7 13. Nd5 Qd8 14. h3 Bxf3 15. Bxf3 exd4 16. Bxd4 Nde5 17. Bg2 Nxd4 18. Nxe7+ Qxe7 19. Rxd4 Nc6 20. Rd5 Nb4 21. Rd4 Nc6 22. Rd2 Rad8 23. Rad1 Rfe8 24. Qb5 a6 25. Qb6 h6 26. Kh2 Kh7 27. f4 Rd7 28. b4 Nd8 29. Rxd6 Rxd6 30. Qxd6 Qxd6 31. Rxd6 Nc6 32. a3 Re6 33. Rd7 Re7 34. Rxe7 Nxe7 35. e5 g6 36. Bxb7 a5 37. bxa5 Nf5 38. a6 Ne3 39. a7 Nf1+ 40. Kg2 Ne3+ 41. Kf3 Nc2 42. a8Q Nd4+ 43. Ke4 Nf5 44. g4 Ne7 45. Bd5 Nxd5 46. Kxd5 Kg7 47. Qb7 g5 48. f5 Kf8 49. a4 h5 50. a5 h4 51. a6 Kg7 52. a7 Kh6 53. a8Q Kg7 54. Qaa6 Kf8 55. Qd6+ Kg8 56. Qc8+ Kg7 57. Qf6+ Kh7 58. Qch8# 1-0

[Event "Titled Tuesday intern op 17th Sep Early"]
[Site "Chess,com INT"]
[Date "2024.09.17"]
[Round "7"]
[White "Kleibel, Uwe"]
[Black "Orzech, Dominik"]
[Result "0-1"]
[WhiteElo "2301"]
[BlackElo "2248"]
[PlyCount "62"]
[EventDate "2024.09.17"]
[EventType "swiss (blitz)"]
[EventRounds "11"]
[EventCountry "USA"]
[SourceTitle "EXT 2025"]
[Source "ChessBase"]
[SourceDate "2024.10.14"]
[SourceVersion "1"]
[SourceVersionDate "2024.10.14"]
[SourceQuality "1"]

1. e4 c5 2. Nf3 Nc6 3. Bb5 Qc7 4. Nc3 Nf6 5. a4 Nd4 6. 0-0 e6 7. Re1 a6 8. Bf1 Ng4 9. g3 Nxf3+ 10. Qxf3 Ne5 11. Qe2 Be7 12. f4 Nc6 13. d3 0-0 14. e5 Rb8 15. Ne4 b5 16. axb5 axb5 17. c3 Bb7 18. Bg2 Ra8 19. Be3 Na5 20. h4 Nb3 21. Rxa8 Rxa8 22. h5 h6 23. Qg4 Kf8 24. Qd1 c4 25. d4 Bd5 26. Bf2 Qc6 27. g4 Ra1 28. Qe2 Ra2 29. Rb1 b4 30. f5 bxc3 31. bxc3 Rxe2 0-1

[Event "Titled Tuesday intern op 17th Sep Early"]
[Site "Chess,com INT"]
[Date "2024.09.17"]
[Round "2"]
[White "Taboas Rodriguez, Daniel"]
[Black "Kleibel, Uwe"]
[Result "1-0"]
[WhiteElo "2330"]
[BlackElo "2301"]
[PlyCount "45"]
[EventDate "2024.09.17"]
[EventType "swiss (blitz)"]
[EventRounds "11"]
[EventCountry "USA"]
[SourceTitle "EXT 2025"]
[Source "ChessBase"]
[SourceDate "2024.10.14"]
[SourceVersion "1"]
[SourceVersionDate "2024.10.14"]
[SourceQuality "1"]

1. d4 Nf6 2. Nf3 c5 3. d5 e6 4. c4 exd5 5. cxd5 d6 6. Nc3 g6 7. e4 Bg7 8. h3 0-0 9. Bd3 b5 10. Nxb5 Nxe4 11. Bxe4 Qa5+ 12. Nc3 Re8 13. 0-0 Bxc3 14. Bxg6 hxg6 15. bxc3 Qxc3 16. Rb1 Ba6 17. Bb2 Qd3 18. Re1 Nd7 19. Qa4 Nf8 20. Qf4 Nh7 21. Qh6 f6 22. Ng5 Nxg5 23. Bxf6 1-0

[Event "Titled Tuesday intern op 17th Sep Early"]
[Site "Chess,com INT"]
[Date "2024.09.17"]
[Round "5"]
[White "Veiga, Jose Francisco RP"]
[Black "Kleibel, Uwe"]
[Result "1-0"]
[WhiteElo "2404"]
[BlackElo "2301"]
[PlyCount "61"]
[EventDate "2024.09.17"]
[EventType "swiss (blitz)"]
[EventRounds "11"]
[EventCountry "USA"]
[SourceTitle "EXT 2025"]
[Source "ChessBase"]
[SourceDate "2024.10.14"]
[SourceVersion "1"]
[SourceVersionDate "2024.10.14"]
[SourceQuality "1"]

1. d4 Nf6 2. g3 c5 3. d5 b5 4. Bg2 Bb7 5. a4 b4 6. c4 g6 7. Nf3 Bg7 8. 0-0 0-0 9. Ra2 d6 10. b3 a5 11. Re1 e6 12. dxe6 fxe6 13. Rd2 Ne4 14. Rd3 d5 15. Bf4 Nd7 16. Nfd2 Ndf6 17. Nxe4 Nxe4 18. Bxe4 dxe4 19. Rxd8 Raxd8 20. Qc2 h6 21. Rd1 g5 22. Be3 Bd4 23. Qc1 Rd7 24. Bxd4 cxd4 25. Nd2 Rfd8 26. f3 d3 27. Nxe4 Bxe4 28. fxe4 dxe2 29. Rxd7 Rxd7 30. Kf2 Rd1 31. Qe3 1-0

[Event "Titled Tuesday intern op 10th Sep Early"]
[Site "Chess,com INT"]
[Date "2024.09.10"]
[Round "4"]
[White "Bolat, Inayat"]
[Black "Kleibel, Uwe"]
[Result "0-1"]
[WhiteElo "2264"]
[BlackElo "2301"]
[PlyCount "96"]
[EventDate "2024.09.10"]
[EventType "swiss (blitz)"]
[EventRounds "11"]
[EventCountry "USA"]
[SourceTitle "EXT 2025"]
[Source "ChessBase"]
[SourceDate "2024.10.14"]
[SourceVersion "1"]
[SourceVersionDate "2024.10.14"]
[SourceQuality "1"]

1. e4 c6 2. d4 d5 3. e5 c5 4. c3 Nc6 5. Nf3 cxd4 6. cxd4 Bg4 7. Bb5 e6 8. h3 Bxf3 9. Qxf3 Qb6 10. Qd3 a6 11. Bxc6+ bxc6 12. 0-0 c5 13. dxc5 Bxc5 14. Nc3 Bd4 15. Qg3 g6 16. Ne2 Bc5 17. Nf4 Ne7 18. Nd3 Nf5 19. Qf3 Bd4 20. Bg5 0-0 21. g4 Ng7 22. Bf6 Rfc8 23. Rad1 Rc2 24. b3 Rac8 25. Qf4 Ne8 26. Ne1 Nxf6 27. Nxc2 Rxc2 28. Qxd4 Qxd4 29. Rxd4 Nd7 30. Ra4 Nxe5 31. Rxa6 Nf3+ 32. Kg2 Nh4+ 33. Kg3 g5 34. b4 Rc3+ 35. Kh2 Nf3+ 36. Kh1 Nh4 37. Kh2 Nf3+ 38. Kg3 Nd2+ 39. Kg2 Nxf1 40. Kxf1 Rc1+ 41. Kg2 Rb1 42. Rb6 Kg7 43. a4 Kf6 44. a5 d4 45. Rd6 Ke5 46. Rb6 d3 47. Kf3 d2 48. Rb5+ Kd6 0-1

[Event "Titled Tuesday intern op 10th Sep Early"]
[Site "Chess,com INT"]
[Date "2024.09.10"]
[Round "7"]
[White "Radzimski, Antoni"]
[Black "Kleibel, Uwe"]
[Result "1-0"]
[WhiteElo "2086"]
[BlackElo "2301"]
[PlyCount "45"]
[EventDate "2024.09.10"]
[EventType "swiss (blitz)"]
[EventRounds "11"]
[EventCountry "USA"]
[SourceTitle "EXT 2025"]
[Source "ChessBase"]
[SourceDate "2024.10.14"]
[SourceVersion "1"]
[SourceVersionDate "2024.10.14"]
[SourceQuality "1"]

1. e4 c6 2. Nf3 d5 3. exd5 cxd5 4. Ne5 Nc6 5. d4 Nxe5 6. dxe5 Bf5 7. Bb5+ Bd7 8. Qxd5 e6 9. Qxb7 Bxb5 10. Qxb5+ Qd7 11. Qxd7+ Kxd7 12. Ke2 Bc5 13. Be3 Kc6 14. Bxc5 Kxc5 15. Nd2 Ne7 16. f4 Nf5 17. Nb3+ Kc4 18. g4 Nh4 19. Rad1 Rhd8 20. c3 a5 21. Nxa5+ Kb5 22. Rxd8 Rxd8 23. Nb7 1-0

[Event "Titled Tuesday intern op 10th Sep Early"]
[Site "Chess,com INT"]
[Date "2024.09.10"]
[Round "1"]
[White "Sydykov, Bayastan"]
[Black "Kleibel, Uwe"]
[Result "1-0"]
[WhiteElo "2268"]
[BlackElo "2301"]
[PlyCount "89"]
[EventDate "2024.09.10"]
[EventType "swiss (blitz)"]
[EventRounds "11"]
[EventCountry "USA"]
[SourceTitle "EXT 2025"]
[Source "ChessBase"]
[SourceDate "2024.10.14"]
[SourceVersion "1"]
[SourceVersionDate "2024.10.14"]
[SourceQuality "1"]

1. e4 c6 2. d4 d5 3. Nc3 dxe4 4. Nxe4 Nf6 5. Nxf6+ exf6 6. c3 Bd6 7. Bd3 0-0 8. Ne2 Re8 9. 0-0 Nd7 10. Bf4 Nf8 11. Bxd6 Qxd6 12. Ng3 g6 13. Ne4 Qd8 14. Re1 Be6 15. Nc5 b6 16. Nxe6 Nxe6 17. Qf3 Rc8 18. Bc4 Kg7 19. h4 Qd6 20. Re4 f5 21. Re5 f6 22. Re3 Nc7 23. Rae1 Rxe3 24. Rxe3 Re8 25. Rxe8 Nxe8 26. Qe3 Nc7 27. h5 f4 28. Qh3 f5 29. Qh4 b5 30. Bb3 a5 31. a3 a4 32. Ba2 Nd5 33. Bxd5 cxd5 34. Qg5 Qe6 35. hxg6 hxg6 36. Qxf4 Qe1+ 37. Kh2 Qb1 38. Qe5+ Kh7 39. Qe7+ Kh6 40. Qf8+ Kh7 41. Qe7+ Kh6 42. Qe2 Kg7 43. Qxb5 Qc1 44. g3 Qf1 45. Qxf1 1-0

[Event "Titled Tuesday intern op 03rd Sep Late"]
[Site "Chess.com INT"]
[Date "2024.09.03"]
[Round "11"]
[White "Eman, Sawan"]
[Black "Kleibel, Uwe"]
[Result "1-0"]
[WhiteElo "1972"]
[BlackElo "2301"]
[PlyCount "71"]
[EventDate "2024.09.03"]
[EventType "swiss (blitz)"]
[EventRounds "11"]
[EventCountry "USA"]
[SourceTitle "EXT 2025"]
[Source "ChessBase"]
[SourceDate "2024.10.14"]
[SourceVersion "1"]
[SourceVersionDate "2024.10.14"]
[SourceQuality "1"]

1. e4 c6 2. Nf3 d5 3. Nc3 dxe4 4. Nxe4 Nf6 5. Qe2 Na6 6. Nxf6+ gxf6 7. d4 Bf5 8. c3 Nc7 9. g3 h5 10. Bg2 e6 11. Nh4 Bh7 12. 0-0 Qd7 13. Qxh5 0-0-0 14. Qe2 Bd6 15. a4 Rdg8 16. b4 f5 17. b5 Nd5 18. c4 Nf6 19. bxc6 bxc6 20. c5 Bb8 21. Rb1 Nd5 22. Qa6+ Kd8 23. Rb7 Qc8 24. Nf3 Bg6 25. Ne5 Bxe5 26. dxe5 Bh5 27. Qxa7 Be2 28. Re1 Bc4 29. Rb8 Qxb8 30. Qxb8+ Kd7 31. Qd6+ Ke8 32. Qxc6+ Kf8 33. Qd6+ Kg7 34. Bg5 Ra8 35. Bxd5 Bxd5 36. Bf6+ 1-0

[Event "Titled Tuesday intern op 03rd Sep Late"]
[Site "Chess.com INT"]
[Date "2024.09.03"]
[Round "8"]
[White "Kleibel, Uwe"]
[Black "Garbuz, Vitaliy"]
[Result "0-1"]
[WhiteElo "2301"]
[BlackElo "2199"]
[PlyCount "80"]
[EventDate "2024.09.03"]
[EventType "swiss (blitz)"]
[EventRounds "11"]
[EventCountry "USA"]
[SourceTitle "EXT 2025"]
[Source "ChessBase"]
[SourceDate "2024.10.14"]
[SourceVersion "1"]
[SourceVersionDate "2024.10.14"]
[SourceQuality "1"]

1. e4 c5 2. Nf3 Nc6 3. Bb5 g6 4. Nc3 Bg7 5. 0-0 Nf6 6. e5 Ng4 7. Bxc6 dxc6 8. Re1 Qc7 9. Qe2 0-0 10. h3 Nh6 11. d3 Nf5 12. Bf4 Nd4 13. Nxd4 cxd4 14. Nb1 Be6 15. Nd2 a5 16. a4 h6 17. h4 h5 18. Nf3 Rad8 19. Ng5 Bd5 20. Qd2 Qd7 21. f3 Qf5 22. Bg3 Bh6 23. Qxa5 Bxg5 24. hxg5 Qxg5 25. Kf2 h4 26. Bh2 Ra8 27. Qb4 h3 28. g4 Bxf3 29. Kxf3 f5 30. Qxd4 fxg4+ 31. Ke2 g3 32. Bg1 h2 33. Be3 Qh5+ 34. Kd2 g2 35. Qe4 Rf3 36. Rh1 Raf8 37. Rxh2 Qxh2 38. Qxg6+ Kh8 39. Bd4 g1Q+ 40. Kc3 Qxg6 0-1

[Event "Titled Tuesday intern op 27th Aug Early"]
[Site "Chess.com INT"]
[Date "2024.08.27"]
[Round "8"]
[White "Kleibel, Uwe"]
[Black "Chernov, Alexander A"]
[Result "1-0"]
[WhiteElo "2301"]
[BlackElo "2314"]
[PlyCount "47"]
[EventDate "2024.08.27"]
[EventType "swiss (blitz)"]
[EventRounds "11"]
[EventCountry "USA"]
[SourceTitle "EXT 2025"]
[Source "ChessBase"]
[SourceDate "2024.10.14"]
[SourceVersion "1"]
[SourceVersionDate "2024.10.14"]
[SourceQuality "1"]

1. e4 d6 2. d4 Nf6 3. Nc3 Nbd7 4. Nf3 e5 5. Rg1 c6 6. g4 exd4 7. Nxd4 Ne5 8. g5 Nfd7 9. f4 Ng6 10. Be3 h6 11. f5 Nge5 12. g6 Nf6 13. Be2 fxg6 14. fxg6 a6 15. Qd2 b5 16. a3 a5 17. Rf1 Rb8 18. Rxf6 gxf6 19. 0-0-0 b4 20. axb4 axb4 21. Nb1 Qa5 22. Nf5 Bxf5 23. exf5 d5 24. Bd4 1-0

[Event "Titled Tuesday intern op 27th Aug Early"]
[Site "Chess.com INT"]
[Date "2024.08.27"]
[Round "2"]
[White "Kleibel, Uwe"]
[Black "Wong, Yinn Long"]
[Result "1-0"]
[WhiteElo "2301"]
[BlackElo "2306"]
[PlyCount "79"]
[EventDate "2024.08.27"]
[EventType "swiss (blitz)"]
[EventRounds "11"]
[EventCountry "USA"]
[SourceTitle "EXT 2025"]
[Source "ChessBase"]
[SourceDate "2024.10.14"]
[SourceVersion "1"]
[SourceVersionDate "2024.10.14"]
[SourceQuality "1"]

1. e4 c6 2. Nc3 d5 3. Nf3 Bg4 4. h3 Bxf3 5. Qxf3 e6 6. Be2 Bc5 7. 0-0 Ne7 8. Rd1 Bd4 9. exd5 exd5 10. Na4 0-0 11. c3 Bf6 12. d4 Nd7 13. Bf4 Re8 14. Bd3 Qa5 15. Bc2 b5 16. b4 Qd8 17. Nc5 Nxc5 18. bxc5 Ng6 19. Bd6 Qa5 20. g3 Nf8 21. h4 Be7 22. Bf4 Rad8 23. Bd2 Qc7 24. a4 a6 25. axb5 axb5 26. Ra6 Ra8 27. Rda1 Qb7 28. Rxa8 Rxa8 29. Rxa8 Qxa8 30. Kg2 Qa2 31. Qd3 Bd8 32. Bf4 Qa3 33. Bd6 g6 34. Qe3 Ne6 35. Bd1 Ba5 36. Bg4 Qxc3 37. Qh6 Ng7 38. Be5 Ne8 39. Bd7 f6 40. Be6+ 1-0

[Event "Titled Tuesday intern op 27th Aug Early"]
[Site "Chess.com INT"]
[Date "2024.08.27"]
[Round "1"]
[White "Wadsworth, Matthew J"]
[Black "Kleibel, Uwe"]
[Result "1-0"]
[WhiteElo "2464"]
[BlackElo "2301"]
[PlyCount "37"]
[EventDate "2024.08.27"]
[EventType "swiss (blitz)"]
[EventRounds "11"]
[EventCountry "USA"]
[SourceTitle "EXT 2025"]
[Source "ChessBase"]
[SourceDate "2024.10.14"]
[SourceVersion "1"]
[SourceVersionDate "2024.10.14"]
[SourceQuality "1"]

1. c4 c6 2. Nf3 d5 3. g3 Nf6 4. Bg2 dxc4 5. 0-0 Nbd7 6. Qc2 Nb6 7. a4 a5 8. Na3 Qd5 9. Ne1 Qh5 10. Nxc4 Nxc4 11. Qxc4 Be6 12. Bxc6+ Nd7 13. Bxd7+ Bxd7 14. Nf3 Bc6 15. Nd4 Rc8 16. Nxc6 Rxc6 17. Qb5 e5 18. d4 Be7 19. d5 1-0

[Event "Titled Tuesday intern op 20th Aug Early"]
[Site "Chess.com INT"]
[Date "2024.08.20"]
[Round "4"]
[White "De Boer, Eelke"]
[Black "Kleibel, Uwe"]
[Result "1-0"]
[WhiteElo "2384"]
[BlackElo "2301"]
[PlyCount "67"]
[EventDate "2024.08.20"]
[EventType "swiss (blitz)"]
[EventRounds "11"]
[EventCountry "USA"]
[SourceTitle "EXT 2025"]
[Source "ChessBase"]
[SourceDate "2024.10.14"]
[SourceVersion "1"]
[SourceVersionDate "2024.10.14"]
[SourceQuality "1"]

1. e4 c6 2. d4 d5 3. e5 c5 4. Nf3 cxd4 5. Nxd4 e6 6. Bd3 Ne7 7. 0-0 Nbc6 8. Nxc6 bxc6 9. Re1 a5 10. c3 Ba6 11. Bc2 Ng6 12. Nd2 Be7 13. Qg4 0-0 14. Nf3 Qb6 15. h4 Bc5 16. Qg3 Ne7 17. Bh6 Bxf2+ 18. Qxf2 Qxf2+ 19. Kxf2 gxh6 20. h5 Rab8 21. b3 c5 22. Rad1 Rfc8 23. Nh2 Kg7 24. Re3 d4 25. Rg3+ Kh8 26. Ng4 Rg8 27. cxd4 cxd4 28. Rxd4 Rbc8 29. Rd2 Nf5 30. Bxf5 exf5 31. Nxh6 Rxg3 32. Kxg3 Rc3+ 33. Kf4 Kg7 34. Nxf5+ 1-0

[Event "Titled Tuesday intern op 20th Aug Early"]
[Site "Chess.com INT"]
[Date "2024.08.20"]
[Round "8"]
[White "Kleibel, Uwe"]
[Black "Andrade, Ivan"]
[Result "1-0"]
[WhiteElo "2301"]
[BlackElo "2140"]
[PlyCount "99"]
[EventDate "2024.08.20"]
[EventType "swiss (blitz)"]
[EventRounds "11"]
[EventCountry "USA"]
[SourceTitle "EXT 2025"]
[Source "ChessBase"]
[SourceDate "2024.10.14"]
[SourceVersion "1"]
[SourceVersionDate "2024.10.14"]
[SourceQuality "1"]

1. e4 c5 2. Nf3 d6 3. d4 cxd4 4. Qxd4 Nc6 5. Qe3 g6 6. h3 Bg7 7. Be2 Nf6 8. 0-0 0-0 9. Rd1 Qb6 10. Qxb6 axb6 11. Nc3 Nb4 12. a3 Nxc2 13. Rb1 e5 14. Rxd6 Be6 15. Bg5 Nd4 16. Bxf6 Nxe2+ 17. Nxe2 Bxf6 18. Rxb6 Rab8 19. Rd1 Bd8 20. Rbd6 Be7 21. R6d2 f6 22. Nc3 Bb3 23. Re1 Bc5 24. Nd5 Kf7 25. Rc1 b6 26. Rc3 Bxd5 27. Rxd5 Rfd8 28. Rcd3 Rxd5 29. Rxd5 Ke6 30. Kf1 Rc8 31. Ke2 Bd6 32. Rb5 Rc6 33. Kd3 h6 34. Nd2 f5 35. f3 Bc7 36. Nc4 f4 37. b4 g5 38. a4 h5 39. a5 bxa5 40. bxa5 Ra6 41. Kc3 g4 42. hxg4 hxg4 43. Kb4 gxf3 44. gxf3 Ra8 45. Nb6 Bxb6 46. Rxb6+ Kd7 47. a6 Kc7 48. Kb5 Rd8 49. a7 Ra8 50. Ka6 1-0

[Event "Titled Tuesday intern op 20th Aug Late"]
[Site "Chess.com INT"]
[Date "2024.08.20"]
[Round "8"]
[White "Kleibel, Uwe"]
[Black "Glek, Igor Vladimirovich"]
[Result "0-1"]
[WhiteElo "2301"]
[BlackElo "2394"]
[PlyCount "64"]
[EventDate "2024.08.20"]
[EventType "swiss (blitz)"]
[EventRounds "11"]
[EventCountry "USA"]
[SourceTitle "EXT 2025"]
[Source "ChessBase"]
[SourceDate "2024.10.14"]
[SourceVersion "1"]
[SourceVersionDate "2024.10.14"]
[SourceQuality "1"]

1. e4 e6 2. d4 d5 3. e5 c5 4. c3 Nc6 5. Nf3 Nge7 6. Na3 cxd4 7. cxd4 Nf5 8. Nc2 Qb6 9. Bd3 Bd7 10. Bxf5 exf5 11. 0-0 h6 12. h4 Be7 13. h5 Be6 14. a3 g5 15. hxg6 fxg6 16. b4 g5 17. Bb2 f4 18. Nd2 g4 19. Nb3 h5 20. Nc5 Nd8 21. Qd3 Bf7 22. Qf5 Qh6 23. Bc1 Qg6 24. Qd7+ Kf8 25. Ra2 b6 26. Na6 Be6 27. Qb5 Rc8 28. Ne1 Rxc1 29. Nd3 Rxf1+ 30. Kxf1 f3 31. g3 h4 32. Nf4 Qb1# 0-1

[Event "Titled Tuesday intern op 20th Aug Late"]
[Site "Chess.com INT"]
[Date "2024.08.20"]
[Round "6"]
[White "Kleibel, Uwe"]
[Black "Vargas Benavides, Mauricio"]
[Result "0-1"]
[WhiteElo "2301"]
[BlackElo "2000"]
[PlyCount "42"]
[EventDate "2024.08.20"]
[EventType "swiss (blitz)"]
[EventRounds "11"]
[EventCountry "USA"]
[SourceTitle "EXT 2025"]
[Source "ChessBase"]
[SourceDate "2024.10.14"]
[SourceVersion "1"]
[SourceVersionDate "2024.10.14"]
[SourceQuality "1"]

1. e4 e5 2. Nf3 d6 3. d4 exd4 4. Nxd4 Nd7 5. g3 Ngf6 6. Bg2 g6 7. 0-0 Bg7 8. Nc3 0-0 9. h3 Re8 10. Re1 Nc5 11. Kh2 Ne6 12. Nb3 Rb8 13. a4 b6 14. a5 Bb7 15. a6 Ba8 16. Nb5 Qd7 17. c4 Nc5 18. Nxc5 bxc5 19. e5 Bxg2 20. exf6 Rxe1 21. Qxe1 Qxh3+ 0-1

[Event "Titled Tuesday intern op 20th Aug Late"]
[Site "Chess.com INT"]
[Date "2024.08.20"]
[Round "3"]
[White "Sturt, Raven M"]
[Black "Kleibel, Uwe"]
[Result "1-0"]
[WhiteElo "2459"]
[BlackElo "2301"]
[PlyCount "49"]
[EventDate "2024.08.20"]
[EventType "swiss (blitz)"]
[EventRounds "11"]
[EventCountry "USA"]
[SourceTitle "EXT 2025"]
[Source "ChessBase"]
[SourceDate "2024.10.14"]
[SourceVersion "1"]
[SourceVersionDate "2024.10.14"]
[SourceQuality "1"]

1. f4 d5 2. Nf3 Bg4 3. e3 Nd7 4. h3 Bxf3 5. Qxf3 c6 6. c4 Ngf6 7. Nc3 dxc4 8. Bxc4 e5 9. 0-0 Bc5 10. g4 exf4 11. d4 Bd6 12. g5 Ng8 13. Ne4 Nb6 14. Bb3 Ne7 15. exf4 Nf5 16. Qg4 Nxd4 17. Re1 Be7 18. f5 Nxb3 19. f6 Nxa1 20. fxg7 Qd4+ 21. Kh1 Qxg7 22. Nf6+ Kf8 23. Rxe7 Rd8 24. Qb4 Nd5 25. Re8# 1-0

[Event "Titled Tuesday intern op 13th Aug Late"]
[Site "Chess.com INT"]
[Date "2024.08.13"]
[Round "8"]
[White "Colville, Julian"]
[Black "Kleibel, Uwe"]
[Result "0-1"]
[WhiteElo "2067"]
[BlackElo "2301"]
[PlyCount "68"]
[EventDate "2024.08.13"]
[EventType "swiss (blitz)"]
[EventRounds "11"]
[EventCountry "USA"]
[SourceTitle "EXT 2025"]
[Source "ChessBase"]
[SourceDate "2024.10.14"]
[SourceVersion "1"]
[SourceVersionDate "2024.10.14"]
[SourceQuality "1"]

1. e4 c6 2. Nc3 d5 3. Nf3 dxe4 4. Nxe4 Nf6 5. Nxf6+ exf6 6. d4 Bd6 7. Bd3 0-0 8. h4 Re8+ 9. Kf1 Nd7 10. Bxh7+ Kxh7 11. Ng5+ fxg5 12. hxg5+ Kg8 13. Qh5 Kf8 14. g6 Nf6 15. Qh8+ Ng8 16. gxf7 Kxf7 17. Qh5+ Kf8 18. Bg5 Qd7 19. Rh3 Qe6 20. Rf3+ Nf6 21. Rxf6+ gxf6 22. Qh8+ Ke7 23. Qg7+ Kd8 24. Bxf6+ Be7 25. Be5 Rg8 26. Qh7 Qg6 27. Qh2 Be6 28. Re1 Kd7 29. d5 Bxd5 30. c4 Bxc4+ 31. Kg1 Bd5 32. f3 Bxf3 33. Qh3+ Qg4 34. Rd1+ Bd5 0-1